Loft conversion (Record no. 106434)

MARC details
000 -LEADER
fixed length control field 00934cam a2200217 4500
001 - CONTROL NUMBER
control field L136564
008 - FIXED-LENGTH DATA ELEMENTS--GENERAL INFORMATION
fixed length control field 070207n2006 000 0 eng u
020 ## - INTERNATIONAL STANDARD BOOK NUMBER
International Standard Book Number 9781860819452
035 ## - SYSTEM CONTROL NUMBER
System control number (Sirsi) u136564
041 0# - LANGUAGE CODE
Language code of text/sound track or separate title eng
050 04 - LIBRARY OF CONGRESS CALL NUMBER
Classification number 695 $2 18
110 2# - MAIN ENTRY--CORPORATE NAME
Corporate name or jurisdiction name as entry element Building Research Establishment
245 ## - TITLE STATEMENT
Title Loft conversion
Remainder of title structural considerations
260 ## - PUBLICATION, DISTRIBUTION, ETC.
Place of publication, distribution, etc. Watford
Name of publisher, distributor, etc. IHS BRE
Date of publication, distribution, etc. 2006
300 ## - PHYSICAL DESCRIPTION
Extent 8p.
Other physical details ill.
Dimensions 30cm.
490 #0 - SERIES STATEMENT
Series statement BRE Good Building Guide
Volume/sequential designation GBG 69 Part 1
520 ## - SUMMARY, ETC.
Summary, etc. Provides advice on loft conversions in single occupancy houses not more than two storeys high, with no more than two habitable rooms, and a maximum floor area of 50m2. Part one of this guide looks at structural considerations and the suitability of different types of lofts for conversion. (See also L136566).
651 #4 - SUBJECT ADDED ENTRY--GEOGRAPHIC NAME
Geographic name United Kingdom
Chronological subdivision
690 ## - LOCAL SUBJECT ADDED ENTRY--TOPICAL TERM (OCLC, RLIN)
Topical term or geographic name as entry element BUILT ENVIRONMENT-BUILDING ELEMENTS-COMPLETE BUILDING ELEMENTS-ROOFS
942 ## - ADDED ENTRY ELEMENTS (KOHA)
Suppress in OPAC 0
Holdings
Withdrawn status Lost status Source of classification or shelving scheme Damaged status Not for loan Home library Current library Shelving location Date acquired Total Checkouts Full call number Barcode Date last seen Date last checked out Copy number Price effective from Koha item type
    Dewey Decimal Classification     London London BRE publications 01/05/2007 9 ENQUIRY DESK 30073651 06/08/2019 03/08/2009 1 06/08/2019 Book